000 00647nam a2200229Ia 4500
003 OSt
005 20220927105157.0
006 a|||||r|||| 00| 0
007 ta
008 220926b |||||||| |||| 00| 0 eng d
024 _a196264
037 _cReference Collections
040 _aRTL
_cRTL
_beng
041 _2eng
_aeng
082 _aX651.2.N9
100 _aVERMA J.C
_9370671
245 0 _aCredit rating
_b practice and procedure
260 _apitampura
_bd.c puliani for bharat publishing house india
300 _a207p
_ccm.
942 _hX651.2.N9
_cCC
999 _c691010
_d691010